01416nam a2200301 4500001000400000003000400004005001700008008004100025020001800066040000800084041001300092082001500105100003000120240002300150245006500173260003600238300001100274490003700285520062900322650002500951650001400976650002000990650001201010655001201022655001601034700002701050830003701077196OSt20250528074014.0250203b |||||||g |||| 00| 1 eng d a9788576874386 bpor hengapor a813bD353e1 aDelinsky, Barbara,d1945- aThe Dreams unfolds aEncantos /cDelinsky, Barbara ; Tradução de Eliane Fraga aRio de JaneirobHarlequinc2007 a279 p.1 aTrilogia da Esperançavvol. 02 aCrosslyn Rise ainda viverá muitos dias de glória. Ao aceitar que a propriedade se transforme em um condomínio com vista para o mar, Jéssica Crosslyn dá o primeiro passo para que suas raízes continuem vivas, e que possam gerar belos frutos. Para a construção, é contratado o empreiteiro Gideon Lowe. Ele é do tipo que, faça chuva ou faça sol, não deixa o serviço atrasar um minuto sequer. E tudo vai bem até a chegada da designer de interiores Christine Gilles ao canteiro de obras. Ela é uma mulher independente, fascinante...e que abala os nervos de Gideon com sua presença perturbadora. 0aLiteratura Americana 0aChick Lit 0aAmor e Paixão 0aFamilia 0aRomance 0aFicção  aEliane FragaeTradutor aTrilogia da Esperançavvol. 02